书目信息 |
| 题名: |
南开语言学刊
|
|
| 作者: | 冉启斌 主编 ;南开大学 , 南开大学 编 | |
| 分册: | 2025年第1期(总第45期) | |
| 出版信息: | 北京 商务印书馆 2025.03 |
|
| 页数: | 158页 | |
| 开本: | 26cm | |
| 丛书名: | ||
| 单 册: | ||
| 中图分类: | H0-55 | |
| 科图分类: | ||
| 主题词: | 语言学--丛刊 | |
| 电子资源: | ||
| ISBN: | 978-7-100-24830-3 | |
| 000 | 01164nam0 2200289 450 | |
| 001 | 01025811 | |
| 005 | 20250925191832.21 | |
| 010 | @a978-7-100-24830-3@dCNY70.00 | |
| 100 | @a20250409d2025 em y0chiy0120 ea | |
| 101 | 0 | @achi@eeng |
| 102 | @aCN@b110000 | |
| 105 | @aa z 000yy | |
| 106 | @ar | |
| 200 | 1 | @a南开语言学刊@9nan kai yu yan xue kan@h2025年第1期(总第45期)@f南开大学文学院, 南开大学汉语言文化学院编 |
| 210 | @a北京@c商务印书馆@d2025.03 | |
| 215 | @a158页@c图@d26cm | |
| 300 | @a中文社会科学引文索引(CSSCI)来源集刊 | |
| 304 | @a英文共同题名:Nankai linguistics | |
| 314 | @a主编取自编辑委员会名单 | |
| 330 | @a本书分为6个版块:“国际中文教育研究”“语音与音韵”“语法与语义”“词汇与文字”“方言与民族语言”“述评”,收录了《面向留学生的汉语通知简化研究》《古精组声母在山东方言中的音变与读同端组的现象》《河北孟村方言量词重叠的语义功能》等23篇学术论文。 | |
| 606 | 0 | @a语言学@j丛刊 |
| 690 | @aH0-55@v5 | |
| 701 | 0 | @a冉启斌@9ran qi bin@4主编 |
| 712 | 02 | @a南开大学@9nan kai da xue@b文学院@4编 |
| 712 | 02 | @a南开大学@9nan kai da xue@b汉语言文化学院@4编 |
| 801 | 0 | @aCN@c20250905 |
| 905 | @a河南城建学院图书馆@dH0-55@eR054:45@ZR054:45@f1 | |
| 南开语言学刊.2025年第1期(总第45期)/南开大学文学院, 南开大学汉语言文化学院编.-北京:商务印书馆,2025.03 |
| 158页:图;26cm |
| 中文社会科学引文索引(CSSCI)来源集刊 |
| ISBN 978-7-100-24830-3:CNY70.00 |
| 本书分为6个版块:“国际中文教育研究”“语音与音韵”“语法与语义”“词汇与文字”“方言与民族语言”“述评”,收录了《面向留学生的汉语通知简化研究》《古精组声母在山东方言中的音变与读同端组的现象》《河北孟村方言量词重叠的语义功能》等23篇学术论文。 |
| ● |
| 相关链接 |
|
|
|
正题名:南开语言学刊
索取号:H0-55/R054:45
 
预约/预借
| 序号 | 登录号 | 条形码 | 馆藏地/架位号 | 状态 | 备注 |
| 1 | 1631563 | 216315636 | 语言库209/209语言库 62排3列4层/ [索取号:H0-55/R054:45] | 在馆 |